| 000 | 004280000a22001810004500 | ||
|---|---|---|---|
| 003 | MACL | ||
| 005 | 20160129153036.0 | ||
| 008 | 160129b xxu||||| |||| 00| 0 eng d | ||
| 040 |
_aMACL _cMACL |
||
| 041 | _aEnglish | ||
| 082 | _a823/PET | ||
| 100 |
_aPatterson, Richard North _935520 |
||
| 245 | _aNo Safe Place | ||
| 260 |
_bArrow _c1999 _aBritain |
||
| 350 | _a227 | ||
| 650 |
_aFiction _935521 |
||
| 942 |
_cBK _k823/PAT _2ddc |
||
| 999 |
_c32298 _d32298 |
||